Представление документа в формате RUSMARC

ПолеНазваниеЗначение
  Тип записи a
  Библиографический уровень m
001 Контрольный номер 736ebdb8dc2d42469eb9495c5d71408f
005 Дата корректировки 20211228103835.2
101 Язык документа 0_
a Язык текста rus
102 Страна публикации __
a Страна публикации RU
200 Заглавие и сведения об ответственности 1_
a Заглавие Ровесники калиниградской кооперации. 70 лет истории Гусевского районного потребительского общества. 1947-2017 гг.
b Общее обозначение материала Текст
210 Выходные данные 1_
a Место издания Калиниград
c Издательство Бизнес-контакт
d Дата издания 2017
215 Физическое описание __
a Объем 96 с.
c Иллюстрации/тип воспроизводства цв.фот.
610 Ключевые слова 0_
a Ключевые слова потребительская кооперация
a Ключевые слова потребительское общество
686 Индексы других классификаций __
a Классификационный индекс 65.9(2)08
801 Источник записи _0
a Страна RU
b Организация РУК
g Правила каталогизации PSBO
801 Источник записи _1
a Страна RU
b Организация РУК
g Правила каталогизации PSBO
852 Данные о местонахождении __
i Авторский знак Р 58
j Шифр хранения 65.9(2)08
901 Тип документа __
t Тип документа m
937 Технологическая информация __
a Создатель записи (имя) Мясникова
938 Служебная информация __
a Название организации Головной вуз